000 005330000a22001810004500
003 MACL
005 20160312170159.0
008 160312b xxu||||| |||| 00| 0 eng d
040 _aMACL
_cMACL
041 _aHindi
082 _a891.433
100 _aमहेन्‍द्र नाथ
_939777
245 _aबेटी तुम्‍हारे जैसी
260 _bराजस्‍थान प्रकाशन
_c1988
_aजयपुर
350 _a35
650 _aNovel
_945591
942 _cHIN
_k891.433
_2ddc
999 _c28960
_d28960